00612 2200229 4500001002100000005001700021008004100038020001800079035002400097082001200121090001900133100002000152245004900172250001100221260004100232300002300273440002100296650001200317700001600329850001500345990002200360YOGYA-0209000001117920090227022114.0 ind  a979-421-758-1 0010-020900000011179 a346.059 a346.059bWij J aWIJAYA, Gunawan aJaminan fidusiacGunawan Widjaja &Ahmad Yani aCet. 2 aJakartabRaja Grafindo Persadac2001 axi, 238 hlmc21 cm aSeriHukum Bisnis aFidusia aYani, Ahmad aYOPDYOG(B) a1620-BPAD/P.03b1